|
|
|
|
| LEADER |
00000nas a2200000 i 4500 |
| 001 |
ssj0001073583 |
| 003 |
WaSeSS |
| 005 |
20200512172242.0 |
| 006 |
m d |
| 007 |
cr n |
| 008 |
131220c20uu9999rm q| p|s|||||| |0eng d |
| 035 |
|
|
|a (WaSeSS)ssj0001073583
|
| 040 |
|
|
|a WaSeSS
|b eng
|c WaSeSS
|d WaSeSS
|
| 050 |
1 |
4 |
|a T58.6
|
| 245 |
0 |
0 |
|a Journal of information systems & operations management
|h [electronic resource].
|
| 246 |
1 |
|
|a Journal of information systems and operations management
|
| 260 |
|
|
|a Bucharest, Romania :
|b Romanian American University, Scientific Research Department
|
| 310 |
|
|
|a Quarterly
|
| 506 |
|
|
|a License restrictions may limit access.
|
| 588 |
|
|
|a Description based on: Volume 6 (1) (Spring 2012); title from article pdf (ProQuest, viewed Dec. 20, 2013).
|
| 588 |
|
|
|a Latest issue consulted: Summer 2013 (viewed Dec. 20, 2013).
|
| 650 |
|
0 |
|a Management information systems
|v Periodicals.
|
| 655 |
|
0 |
|a Electronic journals.
|
| 776 |
0 |
8 |
|i Print version:
|t Journal of information systems & operations management
|x 1843-4711
|
| 856 |
4 |
0 |
|z Full text available from Research Library: 04/01/2012 to present
|u https://search.proquest.com/publication/1216366
|